Manažment športových organizácií 2 Strategické riadenie

Podrobná bibliografia
Hlavní autori: Varmus, Michal, 1983- (Autor), Adámik, Roman, 1991- (Autor)
Ďalší autori: Vodák, Josef, 1956- (Recenzent), Hudáková, Mária, 1977- (Recenzent)
Médium: Kniha
Jazyk:slovenčina
Fyzický popis:185 strán fotografie, grafy, mapy, schémy, tabuľky 25 cm
Vydavateľské údaje: Žilina EDIS-vydavateľstvo UNIZA 2023
ISBN:9788055419992
Vydanie:1. vydanie
Edícia:Vedecké monografie
Predmet:

MARC

LEADER 00000cam a2200000 4500
001 vtls012248622
003 SK-MaSNL
005 20260506072655.0
008 240123s2023 xo oal frn 000 0 slo
015 |a SNBA2024/03 
020 |a 9788055419992  |q (viazané) 
040 |a SNK  |b slo  |c SNK  |e rda 
041 0 |a slo 
044 |a xo  |c SK 
072 7 |a 005  |x Manažment. Riadenie  |2 konspekt 
072 7 |a 796  |x Šport. Hry. Telesné cvičenia  |2 konspekt 
080 |a 005  |2 2011 
080 |a 796/799  |2 2011 
080 |a (048.8)  |2 2011 
080 |a 796/799:061  |2 2011 
080 |a 005.21  |2 2011 
100 1 |a Varmus, Michal,  |d 1983-  |4 aut  |9 229544 
245 1 0 |a Manažment športových organizácií  |n 2  |p Strategické riadenie  |c Michal Varmus, Roman Adámik 
246 3 0 |a Strategické riadenie 
250 |a 1. vydanie 
264 1 |a Žilina  |b EDIS-vydavateľstvo UNIZA  |c 2023 
300 |a 185 strán  |b fotografie, grafy, mapy, schémy, tabuľky  |c 25 cm 
336 |a text  |b txt  |2 rdacontent 
337 |a bez média  |b n  |2 rdamedia 
338 |a zväzok  |b nc  |2 rdacarrier 
366 |e 150 kusov 
490 1 |a Vedecké monografie 
500 |a Žilinská univerzita v Žiline EDIS-vydavateľstvo UNIZA 
500 |a Obsahuje zoznam obrázkov ; zoznam tabuliek 
504 |a Obsahuje bibliografiu na strane 158-182 
650 0 7 |a manažment  |2 SNKPH  |9 922 
650 0 7 |a šport  |2 SNKPH  |9 1042 
650 0 7 |a športové organizácie  |2 SNKPH  |9 1049 
650 0 7 |a Management  |2 SNKPHeng  |9 265406 
650 0 7 |a šport  |2 SNKPHeng  |9 1042 
650 0 7 |a Sport organizations  |2 SNKPHeng  |9 359233 
650 0 7 |a Strategic planning  |2 SNKPHeng  |9 290308 
650 0 7 |a strategický manažment  |2 SNKPH  |9 3637 
655 7 |a monografie  |2 SNKPH  |9 70139 
655 7 |a Monographs  |2 SNKPHeng  |9 120675 
700 1 |a Adámik, Roman,  |d 1991-  |4 aut  |9 226114 
700 1 |a Vodák, Josef,  |d 1956-  |4 rev  |9 237256 
700 1 |a Hudáková, Mária,  |d 1977-  |4 rev  |9 220521 
710 2 |a Žilinská univerzita v Žiline  |4 pbl  |9 165741 
810 2 |a Žilinská univerzita v Žiline  |t Vedecké monografie  |9 306802 
852 |a Slovenská národná knižnica 
919 |a 978-80-554-1999-2 
954 |a odborná, vedecká literatúra pôvodná (slovenská)  |2 lita 
958 |a NB 
999 |c 923394  |d 925324 
952 |a SNK  |b SNK  |y PREZ  |7 0  |p 17A1542113  |o snkSC 205407  |i snk2024/3167  |8 0  |0 0  |1 0  |4 0  |d 2024-02-23  |l 0  |r 2025-10-29 00:00:00  |w 2026-02-24 
952 |a SNK  |b SNK  |y VYP  |7 0  |p 17A1542114  |o snkSC 205407 D1  |i snk2024/3169  |8 3  |g 18.45  |0 0  |1 0  |4 0  |d 2024-02-23  |l 0  |r 2026-02-24 08:22:52  |w 2026-02-24